000 00726nam a2200229 a 4500
001 BRCA_2795
005 20190320203954.0
008 081208s1961----gw-a---###---#000-0#ger-u
050 4 _aNK5825
_b.P45 1961
100 1 _aPhilippowich, Eugen von
_97846
245 1 0 _aElfenbein
_cvon Eugen von Philippowich.
260 _aBraunschweig, Alemania
_bKleimhardt & Biermann
_c1961
300 _a353 p.
_bil.
_c24 cm.
440 0 _aBibliothek fur Kunst-und Antiguitatenfreunde
_n17
_97847
500 _aA la cabeza de la portada: Ein Handbuch fur Sammler und LieLiebhaber.
500 _aIncluye índice temático.
500 _aAA97
546 _aTexto en: alemán.
650 1 4 _aMarfiles
_97848
902 _aGFM
942 _2lcc
_cB
999 _c2535
_d2535